| 000 | 00453nam a2200133Ia 4500 | ||
|---|---|---|---|
| 008 | 210428s9999 xx 000 0 und d | ||
| 082 | _a623.514 K651 G | ||
| 100 |
_aGunter Klingenberg, Joseph M. Heimerl _9127194 |
||
| 245 | 0 | _aGun Muzzle Blast and Flash | |
| 260 |
_bAmerican Institute of Aeronautics and Astronautics _aWashington, DC _c1992 |
||
| 300 | _a559p. | ||
| 440 |
_aProgress in astronautics and aeronautics V-139 _9127195 |
||
| 942 |
_cBK _2ddc |
||
| 999 |
_c559988 _d559988 |
||